<?xml version="1.0" encoding="UTF-8"?>
<record
    xmlns:xsi="http://www.w3.org/2001/XMLSchema-instance"
    xsi:schemaLocation="http://www.loc.gov/MARC21/slim http://www.loc.gov/standards/marcxml/schema/MARC21slim.xsd"
    xmlns="http://www.loc.gov/MARC21/slim">

  <leader>00599nam a22001817a 4500</leader>
  <datafield tag="999" ind1=" " ind2=" ">
    <subfield code="c">188798</subfield>
    <subfield code="d">188798</subfield>
  </datafield>
  <controlfield tag="005">20220603150436.0</controlfield>
  <datafield tag="010" ind1=" " ind2=" ">
    <subfield code="a">ENG-132995</subfield>
  </datafield>
  <datafield tag="020" ind1=" " ind2=" ">
    <subfield code="a">9789332556584</subfield>
    <subfield code="c">800.00</subfield>
  </datafield>
  <datafield tag="035" ind1=" " ind2=" ">
    <subfield code="a">EN-116527</subfield>
  </datafield>
  <datafield tag="037" ind1=" " ind2=" ">
    <subfield code="b">DBAD/PUB</subfield>
  </datafield>
  <datafield tag="082" ind1=" " ind2=" ">
    <subfield code="a">510</subfield>
  </datafield>
  <datafield tag="100" ind1=" " ind2=" ">
    <subfield code="a">Mishra, Sanjay</subfield>
  </datafield>
  <datafield tag="245" ind1=" " ind2=" ">
    <subfield code="a">Fundamentals of Mathematics For JEE Main and Advanced:</subfield>
    <subfield code="b">Functions and Graphs/</subfield>
    <subfield code="c">Sanjay Mishra</subfield>
  </datafield>
  <datafield tag="260" ind1=" " ind2=" ">
    <subfield code="a">Noida</subfield>
    <subfield code="b">Pearson India Education Services Pvt. ltd</subfield>
    <subfield code="c">2016</subfield>
  </datafield>
  <datafield tag="270" ind1=" " ind2=" ">
    <subfield code="a">A-8(A), 7th Floor, Knowledge Boulevard Sector 62</subfield>
    <subfield code="b">Noida</subfield>
    <subfield code="e">201309</subfield>
  </datafield>
  <datafield tag="300" ind1=" " ind2=" ">
    <subfield code="a">vp.</subfield>
    <subfield code="c">25cm(pbk)</subfield>
  </datafield>
  <datafield tag="942" ind1=" " ind2=" ">
    <subfield code="2">ddc</subfield>
    <subfield code="c">EN</subfield>
    <subfield code="m">MIS</subfield>
    <subfield code="h">510</subfield>
  </datafield>
  <datafield tag="952" ind1=" " ind2=" ">
    <subfield code="0">0</subfield>
    <subfield code="1">0</subfield>
    <subfield code="4">0</subfield>
    <subfield code="7">0</subfield>
    <subfield code="8">NFIC</subfield>
    <subfield code="a">BL1</subfield>
    <subfield code="b">BL1</subfield>
    <subfield code="d">2022-06-03</subfield>
    <subfield code="e">DBAD/PUB</subfield>
    <subfield code="g">800.00</subfield>
    <subfield code="l">1</subfield>
    <subfield code="o">510 MIS</subfield>
    <subfield code="p">EN-116527</subfield>
    <subfield code="r">2023-04-29 00:00:00</subfield>
    <subfield code="s">2023-04-08</subfield>
    <subfield code="t">1</subfield>
    <subfield code="v">800.00</subfield>
    <subfield code="y">EN</subfield>
  </datafield>
</record>
